[Event "London Classic Open 2014"]
[Site "London ENG"]
[Date "2014.12.14"]
[Round "9.5"]
[White "Fier, Alexandr"]
[Black "Hector, Jonny"]
[Result "1-0"]
[WhiteTitle "GM"]
[BlackTitle "GM"]
[WhiteElo "2592"]
[BlackElo "2477"]
[WhiteFideId "2107139"]
[BlackFideId "1700090"]
[EventDate "2014.12.08"]

1. Nf3 d5 2. c4 d4 3. g3 Nc6 4. Bg2 e5 5. d3 Nf6 6. O-O Bd6 7. e4 Nd7 8. Na3 f6
9. Nh4 Nc5 10. Nc2 Be6 11. b4 Na4 12. Nxd4 Nxd4 13. Qxa4+ Bd7 14. Qd1 Bxb4 15.
Qh5+ Ke7 16. f4 Qe8 17. Qd1 Bc5 18. Be3 c6 19. Nf5+ Bxf5 20. exf5 Kd6 21. Kh1
Kc7 22. fxe5 fxe5 23. Qg4 Qd7 24. Qe4 Qd6 25. Rf2 Raf8 26. Raf1 Rf7 27. g4 h6
28. Rb2 Rhf8 29. Rfb1 b6 30. Bf2 g6 31. fxg6 Rf4 32. g7 Rg8 33. Qh7 Qe6 34. Bg3
Qf7 35. Bxf4 exf4 36. Rf1 f3 37. Bxf3 Nxf3 38. Re2 Kb7 39. Qe4 Qxg7 40. Rxf3 h5
41. Qe5 hxg4 42. Qxg7+ Rxg7 43. Rg2 Bd6 44. Re3 Rh7 45. Re6 Bb8 46. Re4 g3 47.
h4 Bc7 48. Kg1 Bd8 49. Rxg3 Bxh4 50. Rg6 Bd8 51. d4 Rd7 52. Kf2 c5 53. d5 b5 54.
cxb5 Rxd5 55. a4 Rd7 56. Reg4 Rd5 57. Rg7+ Kb8 58. Rf7 Bg5 59. Re4 Bd8 60. Ke2
Rd6 61. Rf5 a6 62. Rxc5 axb5 63. axb5 Kb7 64. Rf5 Rd7 65. Re6 Bc7 66. Ke3 Bb6+
67. Ke4 Rd4+ 68. Ke5 Rd1 69. Rf7+ Bc7+ 70. Ke4 Re1+ 71. Kd5 Rxe6 72. Kxe6 Kb6
73. Kd5 Bh2 74. Kc4 Bg1 75. Re7 Bf2 76. Re6+ Kb7 77. Kb4 Bd4 78. Re4 Bf6 79. Kc5
Bd8 80. Re6 Bh4 81. b6 Bg5 1-0

[Event "London Classic Open 2014"]
[Site "London ENG"]
[Date "2014.12.14"]
[Round "9.6"]
[White "Hawkins, Jonathan"]
[Black "Gormally, Daniel W"]
[Result "1/2-1/2"]
[WhiteTitle "IM"]
[BlackTitle "GM"]
[WhiteElo "2552"]
[BlackElo "2499"]
[WhiteFideId "412686"]
[BlackFideId "406465"]
[EventDate "2014.12.08"]

1. d4 Nf6 2. c4 e6 3. Nf3 Bb4+ 4. Bd2 Qe7 5. g3 Nc6 6. Nc3 O-O 7. Bg2 d6 8. O-O
Bxc3 9. Bxc3 e5 10. dxe5 Nxe5 11. Nxe5 dxe5 12. b3 c6 13. Qc2 Bg4 14. f4 exf4
15. Rxf4 Qxe2 1/2-1/2

[Event "London Classic Open 2014"]
[Site "London ENG"]
[Date "2014.12.14"]
[Round "9.7"]
[White "Sadzikowski, Daniel"]
[Black "Chirila, Ioan-Cristian"]
[Result "1/2-1/2"]
[WhiteTitle "IM"]
[BlackTitle "GM"]
[WhiteElo "2492"]
[BlackElo "2547"]
[WhiteFideId "1132253"]
[BlackFideId "1211668"]
[EventDate "2014.12.08"]

1. d4 Nf6 2. c4 g6 3. Nc3 d5 4. Nf3 Bg7 5. cxd5 Nxd5 6. e4 Nxc3 7. bxc3 c5 8.
Rb1 O-O 9. Be2 b6 10. O-O Bb7 11. d5 Bxc3 12. Bc4 Bg7 13. Qe2 Qc8 14. e5 Ba6 15.
e6 fxe6 16. Ng5 Bxc4 17. Qxc4 Nd7 18. Qh4 Nf6 19. Nxe6 Nxd5 20. Nxg7 Kxg7 21.
Bh6+ Kg8 22. Bxf8 Qxf8 23. Qc4 Qf7 24. f4 Rf8 25. Rbe1 Nb4 26. Re6 Nc2 27. Qe4
Re8 28. Rc6 Nd4 29. Rc7 Qxa2 30. Re1 Nf5 31. Re2 Qa1+ 32. Kf2 Kf8 33. g4 Qd4+
34. Qxd4 Nxd4 35. Re1 a5 36. Rb1 Ne6 37. Rc6 Nxf4 38. Rcxb6 Ra8 39. Rb8+ Rxb8
40. Rxb8+ Kf7 41. Ra8 Nd3+ 42. Ke2 Ne5 43. h3 Nc6 44. Ra6 Nd4+ 45. Ke3 Nb3 46.
Kd3 Kg7 47. Kc3 Nd4 48. Rxa5 Ne6 49. Kc4 Kf6 50. Kd5 1/2-1/2

[Event "London Classic Open 2014"]
[Site "London ENG"]
[Date "2014.12.14"]
[Round "9.8"]
[White "Dale, Ari"]
[Black "Stopa, Jacek"]
[Result "0-1"]
[WhiteTitle "IM"]
[BlackTitle "IM"]
[WhiteElo "2252"]
[BlackElo "2521"]
[WhiteFideId "3213145"]
[BlackFideId "1119591"]
[EventDate "2014.12.08"]

1. d4 f5 2. g3 Nf6 3. Bg2 g6 4. Nf3 Bg7 5. c4 O-O 6. b4 d6 7. Bb2 Qe8 8. O-O Nc6
9. b5 Nd8 10. Nbd2 e5 11. dxe5 Ng4 12. Qc2 dxe5 13. h3 Nh6 14. e4 f4 15. g4 Kh8
16. a4 c5 17. Nb3 b6 18. Nc1 Rf7 19. Nd3 Re7 20. a5 Rb8 21. a6 Nhf7 22. Rad1 g5
23. Qd2 Kg8 24. Qc2 h5 25. Nh2 hxg4 26. hxg4 Ne6 27. Bf3 Bf6 28. Bc3 Nd4 29.
Bxd4 exd4 30. e5 Nxe5 31. Bd5+ Kg7 32. f3 Nxd3 33. Rxd3 Re2 34. Qd1 Re5 35. Be4
Be6 36. Qc2 Bf7 37. Rdd1 Qe6 38. Bd3 Re3 39. Rc1 Rxd3 40. Qxd3 Qe3+ 0-1

[Event "London Classic Open 2014"]
[Site "London ENG"]
[Date "2014.12.14"]
[Round "9.9"]
[White "Naroditsky, Daniel"]
[Black "Adair, James R"]
[Result "1-0"]
[WhiteTitle "GM"]
[BlackTitle "IM"]
[WhiteElo "2620"]
[BlackElo "2428"]
[WhiteFideId "2026961"]
[BlackFideId "406252"]
[EventDate "2014.12.08"]

1. e4 c5 2. Nf3 e6 3. d4 cxd4 4. Nxd4 Nc6 5. Nc3 Qc7 6. g3 a6 7. Bg2 Nf6 8. O-O
h5 9. h3 Bc5 10. Be3 Nxd4 11. Bxd4 d6 12. Bxc5 Qxc5 13. Na4 Qa5 14. c4 e5 15. b3
Ke7 16. f4 Be6 17. c5 Rhd8 18. Qc1 dxc5 19. fxe5 Nd7 20. Nc3 Kf8 21. Nd5 Re8 22.
Qf4 Kg8 23. Nf6+ gxf6 24. exf6 c4 25. Qh6 Nxf6 26. Qxf6 Qd8 27. Qh6 Qd4+ 28. Kh2
cxb3 29. axb3 Rac8 30. Qxh5 Rc2 31. Ra5 b5 32. Rxa6 Qxe4 33. Qg5+ Kf8 34. Rf2
Rxf2 35. Qc5+ Kg7 36. Qxf2 Qe5 37. b4 Rc8 38. Rc6 Rxc6 39. Bxc6 Bxh3 40. Bxb5
Qxb5 41. Qb2+ f6 42. Kxh3 Qf1+ 43. Kh2 Qb5 44. Qc3 Kg6 45. Kg1 Kf5 46. Kf2 Ke6
47. Ke3 Qg5+ 48. Ke2 Qb5+ 49. Kd2 Kf7 50. Qc7+ Kg6 51. Qf4 Kg7 52. Kc3 Qc6+ 53.
Qc4 Qf3+ 54. Qd3 Qc6+ 55. Kb3 Kf8 56. b5 Qc5 57. Qc4 Qe3+ 58. Qc3 Qf2 59. Qc8+
Kg7 60. Qc7+ Kh6 61. Qf4+ 1-0

[Event "London Classic Open 2014"]
[Site "London ENG"]
[Date "2014.12.14"]
[Round "9.10"]
[White "Gourlay, Iain"]
[Black "Bluebaum, Matthias"]
[Result "1/2-1/2"]
[WhiteTitle "FM"]
[BlackTitle "IM"]
[WhiteElo "2360"]
[BlackElo "2560"]
[WhiteFideId "2401533"]
[BlackFideId "24651516"]
[EventDate "2014.12.08"]

1. Nf3 d5 2. g3 Bg4 3. Bg2 e6 4. c4 c6 5. cxd5 Bxf3 6. Bxf3 cxd5 7. d3 Nc6 8.
O-O Nf6 9. Nc3 Be7 10. Bd2 Nd7 11. Rc1 Rc8 12. Bg2 O-O 13. a3 a5 14. Na2 Qb6 15.
b4 Qa6 16. bxa5 Bxa3 17. Rb1 Nxa5 18. Nb4 Bxb4 19. Bxb4 Rfd8 20. Bxa5 Qxa5 21.
Rxb7 Nc5 22. Rb2 h6 23. Qa1 Qxa1 24. Rxa1 Ra8 25. Rc1 1/2-1/2

[Event "London Classic Open 2014"]
[Site "London ENG"]
[Date "2014.12.14"]
[Round "9.11"]
[White "Buckley, Graeme N"]
[Black "Piorun, Kacper"]
[Result "0-1"]
[WhiteTitle "IM"]
[BlackTitle "GM"]
[WhiteElo "2327"]
[BlackElo "2517"]
[WhiteFideId "402265"]
[BlackFideId "1130420"]
[EventDate "2014.12.08"]

1. d4 f5 2. Bg5 h6 3. Bh4 g5 4. e4 Nf6 5. e5 e6 6. Bg3 f4 7. Bd3 fxg3 8. Bg6+
Ke7 9. exf6+ Kxf6 10. Bh5 Ke7 11. Qf3 d5 12. Nc3 c6 13. O-O-O Kd7 14. hxg3 Kc7
15. Qe3 Bg7 16. Kb1 Nd7 17. Nf3 Rf8 18. Rdf1 Qf6 19. Re1 Nb6 20. b3 Bd7 21. Rhf1
Be8 22. Bg4 h5 23. Nxg5 hxg4 24. Nxe6+ Kd7 25. Nxf8+ Bxf8 26. Ne2 Bb4 27. c3
Bg6+ 28. Kb2 Bd6 29. Nf4 Re8 30. Qd2 Rxe1 31. Rxe1 Be4 32. Qe2 Qg5 33. f3 gxf3
34. gxf3 Qxg3 35. fxe4 Qxf4 36. e5 Be7 37. Rf1 Qg5 38. Qh2 Nc8 39. Rg1 Qf5 40.
Rg2 c5 41. dxc5 Bxc5 42. Rd2 Ne7 43. Qe2 Kc7 44. b4 Bb6 45. c4 Qf4 46. e6 Bd4+
47. Kb3 Be3 48. Rc2 d4 49. c5 Qe5 50. Qc4 Nd5 51. b5 Qxe6 52. Ka3 Kd7 53. c6+
bxc6 54. bxc6+ Kc7 55. Kb2 Qe5 56. Kb3 Nc3 57. a4 Qe8 58. Ka3 Qxc6 59. Qf7+ Qd7
60. Qc4+ Qc6 61. Qf7+ Qd7 62. Qc4+ Kd8 63. Qg8+ Qe8 64. Qxe8+ Kxe8 65. Kb3 Kd7
66. Kc4 Nxa4 67. Ra2 Nb6+ 68. Kd3 Nc8 69. Rc2 Ne7 70. Ke4 Nc6 71. Rc4 Kd6 0-1

[Event "London Classic Open 2014"]
[Site "London ENG"]
[Date "2014.12.14"]
[Round "9.12"]
[White "Kerigan, Demre"]
[Black "Arkell, Keith C"]
[Result "0-1"]
[WhiteTitle "FM"]
[BlackTitle "GM"]
[WhiteElo "2277"]
[BlackElo "2489"]
[WhiteFideId "6307841"]
[BlackFideId "400270"]
[EventDate "2014.12.08"]

1. e4 c6 2. d4 d5 3. e5 c5 4. dxc5 Nc6 5. Bf4 e6 6. Nf3 Bxc5 7. Bd3 Nge7 8. O-O
Ng6 9. Bg3 O-O 10. h4 f6 11. Bxg6 hxg6 12. Qd3 fxe5 13. Nxe5 Nxe5 14. Bxe5 Qxh4
15. Bg3 Qd4 16. Qxd4 Bxd4 17. c3 Bf6 18. Re1 Bd7 19. Nd2 Rfe8 20. Nf3 g5 21. Be5
Rac8 22. Re3 b5 23. Rae1 a5 24. Bd4 b4 25. Ne5 Ba4 26. Ng4 Bxd4 27. cxd4 Rc2 28.
b3 Bb5 29. Re5 Rec8 30. Rxg5 Rc1 31. Re5 R8c2 32. Rxc1 Rxc1+ 33. Kh2 Ra1 34.
Rxe6 Rxa2 35. Rd6 Bd3 36. Ne5 Bc2 37. Rxd5 a4 38. Rd8+ Kh7 39. d5 axb3 40. d6
Bf5 41. Nc4 b2 42. d7 Bxd7 43. Nxb2 Bf5 44. Nc4 Be6 45. Nd2 b3 46. Kg3 Rc2 47.
Kf4 b2 48. Ke3 Rxd2 0-1

[Event "London Classic Open 2014"]
[Site "London ENG"]
[Date "2014.12.14"]
[Round "9.13"]
[White "Dourerassou, Jonathan"]
[Black "Zumsande, Martin"]
[Result "1-0"]
[WhiteTitle "IM"]
[BlackTitle "IM"]
[WhiteElo "2469"]
[BlackElo "2428"]
[WhiteFideId "628050"]
[BlackFideId "4651324"]
[EventDate "2014.12.08"]

1. e4 e6 2. d4 d5 3. Nc3 Nf6 4. e5 Nfd7 5. f4 c5 6. Nf3 a6 7. Be3 Qb6 8. Na4
Qa5+ 9. c3 cxd4 10. b4 Qc7 11. Qxd4 Nc6 12. Qd2 b5 13. Nb2 f6 14. a4 Rb8 15.
axb5 axb5 16. Be2 Be7 17. O-O O-O 18. Nd4 Nxd4 19. Bxd4 Qc6 20. Qe3 Nb6 21. Ra7
Bb7 22. Bf3 Nc8 23. Raa1 f5 24. g4 Bd8 25. gxf5 Rxf5 26. Bg4 Ne7 27. Nd3 Rf8 28.
f5 exf5 29. e6 Bb6 30. Nc5 Bxc5 31. bxc5 Qe8 32. Bf3 f4 33. Qe2 Nf5 34. Kh1 Qg6
35. Rg1 Qh6 36. Rxg7+ Nxg7 37. Rg1 Rbe8 38. Bxg7 Qxg7 39. Rxg7+ Kxg7 40. Qe5+
Kh6 41. h4 Rg8 42. Qxf4+ Kg7 43. Qe5+ Kh6 44. Qf6+ Rg6 45. Qf4+ 1-0

[Event "London Classic Open 2014"]
[Site "London ENG"]
[Date "2014.12.14"]
[Round "9.14"]
[White "Wells, Peter K"]
[Black "Kiik, Kalle"]
[Result "0-1"]
[WhiteTitle "GM"]
[BlackTitle "IM"]
[WhiteElo "2468"]
[BlackElo "2372"]
[WhiteFideId "400327"]
[BlackFideId "4500075"]
[EventDate "2014.12.08"]

1. d4 d6 2. e4 Nf6 3. Nc3 e5 4. Nf3 Nbd7 5. Bc4 Be7 6. O-O O-O 7. a4 a5 8. h3 c6
9. Ba2 Re8 10. Be3 h6 11. Nh4 d5 12. Nf5 Bf8 13. exd5 cxd5 14. Re1 e4 15. f3 Nb6
16. fxe4 Nxe4 17. Qf3 Bxf5 18. Qxf5 Nxc3 19. bxc3 Qc8 20. Qd3 Qc6 21. Reb1 Re6
22. Rb5 Bd6 23. Rab1 Bc7 24. Bf4 Bxf4 25. Rxb6 Qxb6 26. Rxb6 Rxb6 27. Bxd5 Re8
28. g4 Re3 29. Qf5 Rf6 30. Qc8+ Kh7 31. h4 g6 32. Qf8 Bd6 33. Qd8 Re1+ 34. Kg2
Re2+ 0-1

[Event "London Classic Open 2014"]
[Site "London ENG"]
[Date "2014.12.14"]
[Round "9.15"]
[White "Fernandez, Daniel Howard"]
[Black "Cumming, Rhys"]
[Result "1-0"]
[WhiteTitle "IM"]
[WhiteElo "2454"]
[BlackElo "2057"]
[WhiteFideId "5801605"]
[BlackFideId "470163"]
[EventDate "2014.12.08"]

1. d4 Nf6 2. Nf3 g6 3. Nc3 d5 4. Bf4 Bg7 5. e3 O-O 6. Be2 c5 7. O-O Ne4 8. Nb5
Na6 9. Nd2 Nxd2 10. Qxd2 Bd7 11. a4 Bc6 12. Rfd1 Qd7 13. Rac1 Rfd8 14. b3 e6 15.
c4 Qe7 16. Qb2 Nb4 17. Be5 Bxe5 18. dxe5 Bxb5 19. cxb5 b6 20. g3 Rac8 21. Kg2
Kg7 22. h4 f6 23. a5 fxe5 24. Qxe5+ Qf6 25. Qxf6+ Kxf6 26. Ra1 Rc7 27. g4 Rdc8
28. g5+ Kg7 29. axb6 axb6 30. Ra4 e5 31. Rda1 d4 32. Ra7 Nc2 33. Rxc7+ Rxc7 34.
Ra8 d3 35. Bg4 h5 36. gxh6+ Kxh6 37. Rh8+ Kg7 38. Rd8 c4 39. bxc4 Rxc4 40. Be6
Rxh4 41. Kg3 Rb4 42. Rxd3 Rxb5 43. Rd7+ Kf6 44. Bd5 g5 45. Be4 Na3 46. Rd6+ Kf7
47. Kg4 Rb4 48. Kf5 Nc4 49. Rd7+ Ke8 50. Ke6 Na5 51. Bg6+ Kf8 52. Kf6 1-0

[Event "London Classic Open 2014"]
[Site "London ENG"]
[Date "2014.12.14"]
[Round "9.16"]
[White "Britton, Richard L"]
[Black "Hebden, Mark L"]
[Result "1-0"]
[WhiteTitle "FM"]
[BlackTitle "GM"]
[WhiteElo "2230"]
[BlackElo "2523"]
[WhiteFideId "401692"]
[BlackFideId "400084"]
[EventDate "2014.12.08"]

1. e4 e5 2. Nf3 Nc6 3. Bb5 a6 4. Ba4 Nf6 5. O-O Be7 6. Re1 b5 7. Bb3 d6 8. c3
O-O 9. h3 Na5 10. Bc2 c5 11. d4 Qc7 12. Nbd2 Be6 13. d5 Bd7 14. b3 g6 15. Nf1
Nh5 16. Bh6 Rfe8 17. Qd2 c4 18. b4 Nb7 19. g4 Ng7 20. Ne3 a5 21. a3 f6 22. Kh2
Nd8 23. Rg1 axb4 24. axb4 Rxa1 25. Rxa1 Nf7 26. Nf1 Nxh6 27. Qxh6 Qb7 28. Qe3
Ra8 29. Rxa8+ Qxa8 30. Qb6 Ne8 31. Kg2 Bd8 32. Qe3 Qa6 33. Ng3 Bb6 34. Qd2 Qc8
35. Qh6 Qd8 36. Qd2 Ng7 37. Nh2 Qa8 38. Bd1 Qa1 39. Be2 Ne8 40. h4 Qa7 41. Bd1
Ng7 42. g5 f5 43. exf5 Nxf5 44. Nxf5 gxf5 45. Nf1 Qa8 46. Ng3 Bd8 47. Bc2 Qa2
48. Qd1 e4 49. Qd4 Be7 50. Nh5 Bf8 51. Nf6+ Kf7 52. Nxd7 Bg7 53. Nf6 h6 54. Bd1
hxg5 55. Bh5+ Kf8 56. hxg5 1-0

[Event "London Classic Open 2014"]
[Site "London ENG"]
[Date "2014.12.14"]
[Round "9.17"]
[White "Semprun Martinez, Fernando"]
[Black "Zhou, Yang-Fan"]
[Result "1/2-1/2"]
[BlackTitle "IM"]
[WhiteElo "2239"]
[BlackElo "2477"]
[WhiteFideId "2203170"]
[BlackFideId "468584"]
[EventDate "2014.12.08"]

1. e4 c5 2. Nf3 d6 3. d4 Nf6 4. Nc3 cxd4 5. Nxd4 g6 6. Be3 a6 7. f3 b5 8. Qd2
Bb7 9. Bd3 Nbd7 10. a4 b4 11. Nce2 e5 12. Nb3 d5 13. exd5 Nxd5 14. Bg5 Be7 15.
Bxe7 Qxe7 16. Na5 Nc5 17. Nxb7 Qxb7 18. Be4 O-O-O 19. Bxd5 Rxd5 20. Qe3 Qb6 21.
O-O Nd7 22. Kf2 Rd8 23. Rfd1 Nc5 24. Ke1 f5 25. Rxd5 Rxd5 26. Qh6 Rd7 27. Rd1
Rxd1+ 28. Kxd1 Nxa4 29. Qxh7 Qe6 30. Kc1 Nc5 31. Kb1 Kb8 32. h4 a5 33. Qh8+ Kb7
34. Qd8 a4 35. g4 b3 36. Nc3 bxc2+ 37. Kxc2 a3 38. Nd5 Qc6 39. Kb1 a2+ 40. Kxa2
Qa6+ 41. Kb1 Qd3+ 42. Ka2 Qc4+ 43. Kb1 Qf1+ 44. Ka2 Qc4+ 45. Kb1 1/2-1/2

[Event "London Classic Open 2014"]
[Site "London ENG"]
[Date "2014.12.14"]
[Round "9.18"]
[White "Hagen, Andreas Skytte"]
[Black "Constantinou, Peter"]
[Result "1-0"]
[WhiteTitle "IM"]
[BlackTitle "FM"]
[WhiteElo "2430"]
[BlackElo "2276"]
[WhiteFideId "1407341"]
[BlackFideId "413038"]
[EventDate "2014.12.08"]

1. e4 c6 2. d4 d5 3. e5 Bf5 4. Nf3 e6 5. Be2 Nd7 6. O-O h6 7. Nbd2 Ne7 8. Nb3
Bh7 9. a4 Nf5 10. a5 a6 11. c4 dxc4 12. Nbd2 b5 13. axb6 Nxb6 14. Nxc4 Bb4 15.
g4 Ne7 16. Bd2 Ned5 17. Bxb4 Nxb4 18. Nd6+ Ke7 19. Qc1 Nd7 20. g5 f6 21. gxf6+
gxf6 22. Kh1 fxe5 23. Nxe5 Qf8 24. Ndf7 Rg8 25. Nxh6 Rg7 26. Nhg4 Nc2 27. Nxd7
Kxd7 28. Ne5+ Kc7 29. Rxa6 Nxd4 30. Rxc6+ Kb8 31. Qe3 Nxc6 32. Qb6+ Rb7 33. Nd7+
Kc8 34. Qxc6+ 1-0

[Event "London Classic Open 2014"]
[Site "London ENG"]
[Date "2014.12.14"]
[Round "9.19"]
[White "Ilfeld, Etan"]
[Black "Guramishvili, Sopiko"]
[Result "0-1"]
[BlackTitle "IM"]
[WhiteElo "2192"]
[BlackElo "2388"]
[WhiteFideId "2803470"]
[BlackFideId "13602888"]
[EventDate "2014.12.08"]

1. e4 c5 2. Nf3 d6 3. Bb5+ Nd7 4. O-O a6 5. Bd3 Ngf6 6. Re1 b5 7. Bf1 Bb7 8. d3
g6 9. Nbd2 Bg7 10. c3 e5 11. d4 exd4 12. cxd4 cxd4 13. Nxd4 O-O 14. f3 Re8 15.
N2b3 d5 16. exd5 Rxe1 17. Qxe1 Nxd5 18. Qf2 Rc8 19. Bd2 N7b6 20. Re1 Na4 21. Bc1
Qb6 22. Rd1 h5 23. Bd3 Rd8 24. Bb1 Rd7 25. Kh1 b4 26. Be4 a5 27. Qg1 Qd8 28. h3
Be5 29. Qf2 Ndc3 30. bxc3 Nxc3 31. Rd3 Bxe4 32. fxe4 a4 33. Nc6 Rxd3 34. Nxd8
Rd1+ 35. Qg1 Rxg1+ 36. Kxg1 axb3 37. Bb2 Ne2+ 38. Kf2 Bxb2 39. axb3 Nd4 0-1

[Event "London Classic Open 2014"]
[Site "London ENG"]
[Date "2014.12.14"]
[Round "9.20"]
[White "Mihajlov, Svetoslav"]
[Black "Houska, Jovanka"]
[Result "0-1"]
[BlackTitle "IM"]
[WhiteElo "2181"]
[BlackElo "2388"]
[WhiteFideId "1507168"]
[BlackFideId "405094"]
[EventDate "2014.12.08"]

1. d4 d5 2. Nf3 Nf6 3. c4 c6 4. Nc3 a6 5. Qb3 e6 6. Bf4 Nbd7 7. c5 Be7 8. h3 O-O
9. e3 Ne4 10. Nxe4 dxe4 11. Nd2 e5 12. dxe5 Nxc5 13. Qc3 a5 14. Qd4 Be6 15. Rc1
Qd5 16. Nc4 g5 17. Bg3 Nd3+ 18. Bxd3 Bb4+ 19. Nd2 exd3 20. Qxd5 Bxd5 21. a3 Be7
22. O-O Ra6 23. Rc3 Rb6 24. e4 Be6 25. Rxd3 Rxb2 26. f4 Rd8 27. Rxd8+ Bxd8 28.
Nf3 gxf4 29. Bxf4 Bb6+ 30. Kh2 Bc4 31. Rc1 Bd3 32. Nd2 Bd4 33. Nf3 Bxe4 34. Nxd4
Rxg2+ 35. Kh1 Rf2+ 36. Nf3 Rxf3 37. Rg1+ Bg6 38. Bc1 Rxh3+ 39. Kg2 Rd3 40. Kf2
Kf8 41. Ke2 Rd5 42. Bh6+ Ke7 43. Bg7 Rb5 44. Kf2 Rb2+ 45. Ke3 Rb3+ 46. Kf4 Rxa3
47. Rd1 Rd3 48. Ra1 b6 49. Bf6+ Kd7 0-1

[Event "London Classic Open 2014"]
[Site "London ENG"]
[Date "2014.12.14"]
[Round "9.21"]
[White "Milliet, Sophie"]
[Black "Mihajlov, Sebastian"]
[Result "1/2-1/2"]
[WhiteTitle "IM"]
[BlackTitle "FM"]
[WhiteElo "2387"]
[BlackElo "2278"]
[WhiteFideId "623725"]
[BlackFideId "1512110"]
[EventDate "2014.12.08"]

1. e4 e5 2. Nf3 Nc6 3. Bb5 a6 4. Ba4 Nf6 5. O-O Be7 6. d3 b5 7. Bb3 d6 8. a3 Bg4
9. c3 O-O 10. Re1 Na5 11. Ba2 c5 12. Nbd2 Nc6 13. Nf1 Be6 14. Bxe6 fxe6 15. a4
Qd7 16. d4 exd4 17. cxd4 cxd4 18. Nxd4 Nxd4 19. Qxd4 Ng4 1/2-1/2

[Event "London Classic Open 2014"]
[Site "London ENG"]
[Date "2014.12.14"]
[Round "9.22"]
[White "Osborne, Marcus E"]
[Black "Sowray, Peter J"]
[Result "1-0"]
[BlackTitle "FM"]
[WhiteElo "2176"]
[BlackElo "2365"]
[WhiteFideId "404608"]
[BlackFideId "400971"]
[EventDate "2014.12.08"]

1. c4 e6 2. g3 Nf6 3. Bg2 d5 4. d4 Bb4+ 5. Nd2 O-O 6. Nf3 dxc4 7. Qc2 Nc6 8.
Qxc4 Qd5 9. O-O Qxc4 10. Nxc4 a5 11. Bd2 Rd8 12. Rfd1 Bd7 13. Rac1 Be8 14. e3
Nd5 15. Nfe5 Nxe5 16. Nxe5 f6 17. Nd3 Bh5 18. Nxb4 axb4 19. g4 Bxg4 20. f3 Bh5
21. e4 Ne7 22. Rxc7 Nc6 23. Be3 Rxa2 24. Rd2 Na5 25. Bh3 Bf7 26. Rdc2 Kf8 27. d5
exd5 28. Rc8 Re8 29. Rxe8+ Bxe8 30. Rc8 Nc4 31. Bc5+ Kf7 32. exd5 f5 33. Bxf5
Ra5 34. Be6+ Kg6 35. Bxb4 Ra1+ 36. Kf2 Ra2 37. Rxc4 Rxb2+ 38. Kg3 1-0

[Event "London Classic Open 2014"]
[Site "London ENG"]
[Date "2014.12.14"]
[Round "9.23"]
[White "Cox, John J"]
[Black "Coleman, David J"]
[Result "1/2-1/2"]
[WhiteTitle "IM"]
[BlackTitle "CM"]
[WhiteElo "2361"]
[BlackElo "2253"]
[WhiteFideId "401064"]
[BlackFideId "402087"]
[EventDate "2014.12.08"]

1. d4 Nf6 2. Nf3 e6 3. c4 Nc6 4. Bg5 Bb4+ 5. Nbd2 h6 6. Bxf6 Qxf6 7. e3 e5 8. a3
Bxd2+ 9. Qxd2 d6 10. d5 Nb8 11. Be2 a5 12. b3 O-O 13. O-O Bg4 14. e4 Nd7 15. b4
b6 16. h3 Bxf3 17. Bxf3 Qe7 18. Rac1 Ra7 19. Qe3 axb4 20. axb4 Rfa8 21. Rc3 Ra2
22. Rfc1 Rb2 23. Ra3 Ra2 24. Rcc3 Qg5 25. Rxa8+ Rxa8 26. Qxg5 hxg5 27. Bg4 Nf6
28. f3 Nxg4 29. hxg4 Kf8 30. c5 bxc5 31. bxc5 dxc5 32. Rxc5 Ra7 33. Kf2 Ke7 34.
Rb5 Ra2+ 35. Kg3 Rc2 36. Rb8 g6 37. Ra8 Kd7 38. Rf8 Ke7 39. Ra8 Kd7 40. Rf8 1/2-1/2

[Event "London Classic Open 2014"]
[Site "London ENG"]
[Date "2014.12.14"]
[Round "9.24"]
[White "Amato, Andrea"]
[Black "Stigar, Petter"]
[Result "0-1"]
[WhiteTitle "FM"]
[BlackTitle "FM"]
[WhiteElo "2338"]
[BlackElo "2194"]
[WhiteFideId "813222"]
[BlackFideId "1500341"]
[EventDate "2014.12.08"]

1. c4 c5 2. Nf3 g6 3. Nc3 Bg7 4. d4 cxd4 5. Nxd4 Nc6 6. Nb3 Nf6 7. g3 d6 8. Bg2
O-O 9. O-O Na5 10. Nd2 Be6 11. Rb1 Nxc4 12. Nxc4 Bxc4 13. Bxb7 Rb8 14. Bg2 Qa5
15. Bd2 Rfc8 16. b3 Be6 17. Rc1 Kf8 18. Rc2 Qc7 19. Rc1 Qa5 20. h3 Qh5 21. e4
Qa5 22. Qe2 Bd7 23. Rfd1 Qa3 24. Rc2 Qc5 25. Rdc1 Ne8 26. Kh2 Rc7 27. Bf1 Rbc8
28. b4 Qh5 29. g4 Qh4 30. f4 Nf6 31. g5 Nh5 32. Qf3 Ba4 33. Ba6 Bxc2 34. Bxc8
Rxc8 35. Ne2 Nxf4 36. Nxf4 Be5 37. Kh1 Kg7 38. Rg1 Bxf4 39. Bxf4 Rc4 40. Rg4
Qe1+ 41. Rg1 Bxe4 42. Rxe1 Bxf3+ 43. Kh2 Rxf4 44. Kg3 Rf5 45. Rxe7 a6 46. Rd7 d5
47. a4 Be4 48. Rd6 Rf3+ 49. Kg4 Rb3 50. Rb6 d4 51. Kf4 Bf5 52. h4 h5 53. gxh6+
Kxh6 54. Rxa6 Rxb4 55. Ke5 Kg7 56. h5 d3 57. h6+ Kxh6 58. Kf6 Kh5 59. Ke5 Re4+
60. Kf6 Re6+ 0-1

[Event "London Classic Open 2014"]
[Site "London ENG"]
[Date "2014.12.14"]
[Round "9.25"]
[White "Orgler, Philipp"]
[Black "Schoorl, Rob"]
[Result "1/2-1/2"]
[BlackTitle "FM"]
[WhiteElo "2165"]
[BlackElo "2327"]
[WhiteFideId "1604236"]
[BlackFideId "1009508"]
[EventDate "2014.12.08"]

1. d4 g6 2. e4 Bg7 3. Nc3 d6 4. f3 a6 5. Be3 Nd7 6. Qd2 b5 7. g4 Bb7 8. d5 c5 9.
dxc6 Bxc6 10. Nge2 Ngf6 11. g5 Ne5 12. Nd4 Nfd7 13. O-O-O Bb7 14. f4 Nc4 15.
Bxc4 bxc4 16. Rhf1 O-O 17. Nf3 Qa5 18. e5 Bxf3 19. Rxf3 Rab8 20. a3 dxe5 21.
Qxd7 e4 22. Rd5 Bxc3 23. Rxa5 Bxb2+ 24. Kd1 Rfd8 25. Qxd8+ Rxd8+ 26. Ke2 exf3+
27. Kxf3 Rd6 28. Rc5 1/2-1/2

[Event "London Classic Open 2014"]
[Site "London ENG"]
[Date "2014.12.14"]
[Round "9.26"]
[White "Holm, Kristian Stuvik"]
[Black "Marzano, Carlo"]
[Result "1/2-1/2"]
[WhiteTitle "FM"]
[WhiteElo "2326"]
[BlackElo "2166"]
[WhiteFideId "1508083"]
[BlackFideId "802980"]
[EventDate "2014.12.08"]

1. d4 d5 2. c4 c6 3. Nf3 Nf6 4. e3 Bf5 5. Nc3 a6 6. Be2 h6 7. Qb3 Ra7 8. a4 e6
9. a5 Nbd7 10. O-O Bd6 11. Qa4 Qe7 12. b3 1/2-1/2